Los principios generales /

Presentación de los principios doctrinarios contemplados en el Programa de Gobierno del Partido Unidad Social Cristiana (PUSC), en aspectos tales como: el individuo, el trabajo y la propiedad, el Estado, la participación y promoción popular. A través del señalamiento de los valores fundamentales que...

Descrición completa

Gardado en:
Detalles Bibliográficos
Autor Principal: Rojas Bolaños, Manuel
Formato: Texto
Idioma:Spanish
Materias:
Etiquetas: Engadir etiqueta
Sen Etiquetas, Sexa o primeiro en etiquetar este rexistro!

MARC

LEADER 00000 a a2200000 04500
001 3997
003 cru IIS
005 20231109134022.0
008 220118b |||||||| |||| 00| 0 spa d
040 |c cru IIS 
100 1 |a Rojas Bolaños, Manuel  
245 1 4 |a Los principios generales /  |c Manuel Rojas Bolaños  
500 |a Colección Centroamérica 
520 |a Presentación de los principios doctrinarios contemplados en el Programa de Gobierno del Partido Unidad Social Cristiana (PUSC), en aspectos tales como: el individuo, el trabajo y la propiedad, el Estado, la participación y promoción popular. A través del señalamiento de los valores fundamentales que guían la acción política del PUSC, se siente una tensión constante entre el individualismo inherente a cualquier planteamiento liberal y el necesario reconocimiento de las obligaciones que se derivan de la vida en sociedad. El Partido Liberación Nacional (PLN) a mediados de diciembre de 1989 no había presentado su programa de gobierno, tan sólo un libro escrito por su candidato el Sr. Carlos Manuel Castillo, llamado "Cosnstruyamos el futuro", en el que presenta su ideario político (26 tesis) sin embargo, en el planteamiento castillista se detecta lo que ha sido constante en todos los gobiernos liberacionistas: una definición mínima de principios y un pragmatismo en el manejo de la función pública, diferencia marcada con el PUSC donde la definición de principios parece amarrar más la acción política. AR/MR  
650 |a PARTIDOS POLITICOS  
650 |a DOCTRINAS POLITICAS  
650 |a IDEOLOGIAS POLITICAS  
773 |g número 33; páginas 10-15  
773 0 |0 19245  |9 6482  |a Centro de Estudios para la Acción Social  |d San José, Costa Rica: CEPAS  |o 04645  |t Costa Rica: 
942 |2 ddc  |c PP 
999 |c 21468  |d 21468